Algebraic theory of numbers /
Guardado en:
| Autor Principal: | |
|---|---|
| Formato: | Libro |
| Idioma: | English |
| Publicado: |
Princeton :
Princeton University Press,
1940.
|
| Series: | Annals of mathematics studies ;
no. 1 |
| Etiquetas: |
Agregar Etiqueta
Sin Etiquetas, Sea el primero en etiquetar este registro!
|
| LEADER | 00664nam a22001815a 4500 | ||
|---|---|---|---|
| 001 | MAT.inmabb000409 | ||
| 008 | 031125s1940####nju###########000#0#eng#d | ||
| 005 | 20110302142727.0 | ||
| 245 | 1 | 0 | |a Algebraic theory of numbers / |c by Hermann Weyl. |
| 260 | |a Princeton : |b Princeton University Press, |c 1940. | ||
| 300 | |a viii, 223 p. ; |c cm. | ||
| 440 | 0 | |a Annals of mathematics studies ; |v no. 1 | |
| 500 | |a Notes of a course on Theory of numbers given in Princeton during the year 1938-1939. | ||
| 510 | 4 | |a MR, |c 2,37c | |
| 100 | 1 | |a Weyl, Hermann, |d 1885-1955. | |
| 084 | |a 11Rxx |2 msc2000 | ||
| 859 | |h 11 |i W548 |p A-155 |b BIB. MATEMATICA | ||
| 859 | |h 11 |i W548 |p A-2049 |t Ej. 2 |b BIB. MATEMATICA | ||
